| 000 | 01128nam a2200289Ia 4500 | ||
|---|---|---|---|
| 999 |
_c51614 _d51614 |
||
| 001 | 18605 | ||
| 003 | GE_BSU | ||
| 005 | 20250611120500.0 | ||
| 008 | 181216s2012||||ge |||||||||||||| ||eng|| | ||
| 020 | _a9789941040849 | ||
| 040 | _cGE_BSU | ||
| 041 | _aeng | ||
| 080 | _a321.7 D-39 | ||
| 245 |
_aDemocracy and citizenship : _bCivic education student course reader / _cGreer Burroughs, Zaza Rukhadze, Marine Kvatchadze [et al.] ; [ed. IFES ]. |
||
| 264 |
_aTbilisi : _b International Foundation for Electoral Systems, _c2012. |
||
| 300 |
_a280 p. ; _b24 cm. |
||
| 521 | _aBibliogr.: p. 276-280. | ||
| 653 | _aდემოკრატია | ||
| 653 | _aადამიანის ძირითადი უფლებები | ||
| 653 | _aკონსტიტუციონალიზმი | ||
| 700 |
_aBurroughs, Greer _eავტორი _925369 |
||
| 700 |
_aRukhadze, Zaza _eავტორი _925370 |
||
| 700 |
_aKvatchadze, Marine _eავტორი _925371 |
||
| 700 |
_aGaprindashvili, Lela _eავტორი _925372 |
||
| 700 |
_aIzoria, Levan _eავტორი _925373 |
||
| 942 |
_cBK _2udc |
||